000 00968nam a22003017a 4500
001 BR8903390
003 BR-BrBNA
005 20230928093246.0
007 ta
008 230509b bl.||||| |||| 00| 0 por d
040 _aBR-BrBNA
_bpor
_cBiblioteca Nacional de Agricultura
041 _a(Por)
072 _aP33; P35; F01
_b/G514
_b/GZ74
090 _ P33 BR8903390
100 1 _aBatista, E.A.
110 1 _aEscola Superior de Agricultura Luiz de Queiroz, Piracicaba, SP (Brasil)
_0Tese (Mestrado)
245 1 _aInfluencia de fatores edaficos no cerrado da reserva biologica de Moji-Guacu, Sao Paulo
260 3 _aPiracicaba, SP (Brasil):
_c1988.
300 _a188 p.
500 _aSummaries (Eng, Por); Bibliography p. 170-177 (57 ref.); 82 tables
650 _aCERRADO
650 _aQUIMICA DO SOLO
650 _aFISICA DO SOLO
650 _aPRODUCAO VEGETAL
650 _aFERTILIDADE DO SOLO
909 _a202309
_bLucia
_c55
_dLucia Elande
942 _cBK
999 _c43935
_d43935